Normal view
MARC view
- Prueba de Rorschach
Entry Materia
001 - NÚMERO DE CONTROL DEL REGISTRO
- campo de control: 13524
003 - IDENTIFICADOR DE NUMERO DE CONTROL
- campo de control: MX-MxUPN
005 - FECHA Y HORA DE LA ÚLTIMA TRANSACCIÓN
- campo de control: 20230601125935.0
008 - DATOS DE LONGITUD FIJA
- campo de control de longitud fija: 230601nn anznnbabn a ana |d
035 ## - NÚMERO DE CONTROL DEL SISTEMA
- Número de control del sistema: UPN10000013532
040 ## - FUENTE DE LA CATALOGACIÓN
- Lengua de catalogación: spa
- Centro catalogador de origen: MX-MxUPN
053 #4 - NÚMERO CLASIFICADOR - BIBLIOTECA DEL CONGRESO (LC)
- Elemento numérico de la clasificación - Número único o no. inicial del rango: BF698.8 R5
150 ## - ENCABEZAMIENTO - TEMÁTICO
- Término de materia o nombre geográfico como elemento inicial: Prueba de Rorschach
450 ## - VÉASE - MATERIA
- Encabezamiento temático: Rorschach, Prueba de
670 ## - FUENTE EN LA QUE SE LOCALIZARON DATOS
- Cita de la fuente: LEMB, 1998 :
- Información localizada: página 929 (Prueba de Rorschach)
902 ## - CATALOGADOR
- Catalogador: CAA/141096
- Catalogador: VíctorGodínez/010623
